|
|
|
|
| LEADER |
00558nam a22001571a 4500 |
| 020 |
|
|
|a 9788170302513
|
| 082 |
|
|
|a 822
|b DCR/M
|
| 245 |
|
|
|a Modern Sri Lankan drama:
|b an anthology/
|c by D C R AGoonatilleka (ed.)
|
| 260 |
|
|
|a Delhi:
|b Sri Satguru,
|c 1991.
|
| 300 |
|
|
|a 228p.
|
| 650 |
|
|
|a Drama English Translation
|9 154948
|
| 650 |
|
|
|a Literature English
|9 154949
|
| 650 |
|
|
|a Literature
|9 154950
|
| 942 |
|
|
|c BK
|
| 999 |
|
|
|c 29236
|d 29236
|
| 952 |
|
|
|0 0
|1 0
|4 0
|6 822_000000000000000_DCR_M
|7 0
|9 42062
|a SSUS
|b SSUS
|d 2015-01-08
|g 300.00
|o 822 DCR/M
|p 019180
|r 2015-01-08
|v 0.00
|w 2015-01-08
|y BK
|